000 00427nam a2200133Ia 4500
003 GCL
008 140319s9999 xx 000 0 ara d
040 _aGCL /
_cGCL
082 0 4 _a001.5
_bم م
100 1 _aمحمد نصر مهنا
245 1 0 _aمدخل الى الاعلام العربى فى عالم متغير /
_cمحمد نصر مهنا
300 _a221 ص
490 _aالهيئة العامة للاستعلامات
_v0
999 _c49333
_d49333